[Event "XIII American Continental"]
[Site "Montevideo URU"]
[Date "2018.06.08"]
[Round "9"]
[White "Fein, Jorge"]
[Black "Ribeiro, Gilnei Guedes"]
[Result "1-0"]
[WhiteElo "1648"]
[BlackElo "1445"]
[EventDate "2018.06.01"]
[PlyCount "63"]

1.Nf3 Nf6 2.b3 c5 3.Bb2 e6 4.d3 Be7 5.Nbd2 O-O 6.e4 d6 7.g3 Nbd7 8.Bg2 Rb8
9.O-O b5 10.a4 a6 11.e5 Nd5 12.Ne4 dxe5 13.Nxe5 Qc7 14.Nf3 b4 15.Ned2 Bf6 
16.Bxf6 Nc3 17.Bxc3 bxc3 18.Nc4 Bb7 19.Qe1 Nb6 20.Nxb6 Qxb6 21.Qxc3 Bd5 
22.Ne5 Rfd8 23.Bxd5 Rxd5 24.Rfe1 Qc7 25.Nc4 h5 26.Re5 Qe7 27.Qe1 Qf6 28.
Rxd5 exd5 29.Qe5 Qd8 30.Ne3 h4 31.Nf5 f6 32.Qe7 1-0

[Event "XIII American Continental"]
[Site "Montevideo URU"]
[Date "2018.06.08"]
[Round "9"]
[White "Mordetzki, Ariel"]
[Black "Macias Araya, Javier"]
[Result "1-0"]
[WhiteElo "1542"]
[BlackElo "1378"]
[EventDate "2018.06.01"]
[PlyCount "35"]

1.e4 e5 2.Nf3 Nc6 3.Bc4 Nf6 4.Ng5 d5 5.exd5 Nd4 6.c3 b5 7.Bf1 Nxd5 8.Nxf7 
Kxf7 9.cxd4 Bb7 10.Bxb5 exd4 11.O-O Nf4 12.Qg4 Qf6 13.Bc4+ Ke7 14.Re1+ Kd6
15.d3 g5 16.Bxf4+ Qxf4 17.Qe6+ Kc5 18.Re5+ 1-0

[Event "XIII American Continental"]
[Site "Montevideo URU"]
[Date "2018.06.08"]
[Round "9"]
[White "Baratta, Daniel"]
[Black "Shih Ferreira, Yin Chieh"]
[Result "1/2-1/2"]
[WhiteElo "1193"]
[BlackElo "1378"]
[EventDate "2018.06.01"]
[PlyCount "96"]

1.e4 c6 2.d4 d5 3.e5 e6 4.Be2 Ne7 5.Nd2 Nf5 6.Ngf3 c5 7.c3 Nc6 8.Nb3 Qb6 
9.O-O cxd4 10.Nbxd4 Nfxd4 11.Nxd4 Nxe5 12.Re1 Bc5 13.Qa4+ Bd7 14.Bb5 Nc6 
15.Be3 O-O 16.Nxc6 bxc6 17.Bd3 Bxe3 18.Rxe3 Qc7 19.Qh4 f5 20.Rh3 h6 21.Rg3
f4 22.Rg6 Be8 23.Rxe6 Bf7 24.Re7 Qd6 25.Rae1 g5 26.Qg4 Qf6 27.h4 Rae8 28.
Rxe8 Rxe8 29.Rxe8+ Bxe8 30.hxg5 hxg5 31.Qc8 Qe7 32.Kf1 Kf7 33.Qf5+ Qf6 34.
Qh7+ Qg7 35.Qh5+ Ke7 36.Qe2+ Kd8 37.Qg4 Qh6 38.Ke1 Bd7 39.Bf5 Bxf5 40.Qxf5
Qh1+ 41.Ke2 Qxg2 42.Qf6+ Kc7 43.Qe7+ Kb6 44.Qd8+ Kc5 45.Qe7+ Kb6 46.Qd8+ 
Kc5 47.Qa5+ Kd6 48.Qd8+ Kc5 1/2-1/2

[Event "XIII American Continental"]
[Site "Montevideo URU"]
[Date "2018.06.09"]
[Round "10"]
[White "Hungaski, Robert"]
[Black "Flores, Diego"]
[Result "1/2-1/2"]
[WhiteElo "2510"]
[BlackElo "2614"]
[EventDate "2018.06.01"]
[PlyCount "120"]

1.Nf3 Nf6 2.c4 c5 3.g3 b6 4.Bg2 Bb7 5.Nc3 g6 6.O-O Bg7 7.d4 cxd4 8.Qxd4 d6
9.b3 O-O 10.Bb2 Nbd7 11.Ne1 Qb8 12.Rc1 Ne4 13.Qe3 Nxc3 14.Bxc3 Bxc3 15.
Rxc3 Re8 16.Nd3 Bxg2 17.Kxg2 Qb7+ 18.f3 Rac8 19.Rfc1 Nf6 20.Qd4 e5 21.Qxd6
Rc6 22.Qa3 e4 23.Nf2 Rce6 24.Rf1 h5 25.Qc1 exf3+ 26.exf3 Re2 27.Kg1 Rxa2 
28.Re3 Re2 29.Ne4 Rxe3 30.Nxf6+ Kg7 31.Nxe8+ Rxe8 32.Qc3+ Kh7 33.Kg2 Re2+ 
34.Rf2 Qe7 35.Rxe2 Qxe2+ 36.Kg1 a5 37.Qf6 Qe3+ 38.Kg2 Kg8 39.Qb2 Kf8 40.
Qa3+ Ke8 41.Qa4+ Kd8 42.Qb5 Qd2+ 43.Kf1 Qd3+ 44.Kf2 Qd2+ 45.Kf1 Kc7 46.Qe8
Qd7 47.Qe5+ Qd6 48.Qe8 Qd3+ 49.Kf2 Qc2+ 50.Ke1 Qc1+ 51.Ke2 Qb2+ 52.Ke1 Qf6
53.Ke2 g5 54.h4 Qb2+ 55.Ke1 Qc1+ 56.Ke2 Qc2+ 57.Ke1 Qc1+ 58.Ke2 Qc2+ 59.
Ke1 Qc1+ 60.Ke2 Qc2+ 1/2-1/2

[Event "XIII American Continental"]
[Site "Montevideo URU"]
[Date "2018.06.09"]
[Round "10"]
[White "Xiong, Jeffery"]
[Black "Shankland, Samuel"]
[Result "0-1"]
[WhiteElo "2656"]
[BlackElo "2717"]
[EventDate "2018.06.01"]
[PlyCount "82"]

1.e4 c5 2.Nf3 d6 3.d4 cxd4 4.Nxd4 Nf6 5.Nc3 a6 6.h3 g6 7.g4 Bg7 8.Be3 O-O 
9.Qd2 b5 10.Bg2 Bb7 11.a3 Nbd7 12.g5 Nh5 13.Bf3 Ne5 14.Bxh5 gxh5 15.O-O-O 
Rc8 16.Kb1 Rxc3 17.Qxc3 Bxe4 18.f3 Nxf3 19.Rhf1 Qd7 20.Qb3 Ne5 21.Rf4 Bg6 
22.Rdf1 e6 23.Rf6 Rc8 24.Bc1 Rc4 25.Qe3 Qa7 26.Nf5 Qxe3 27.Nxe3 Rh4 28.
R6f4 Rxh3 29.a4 h6 30.axb5 axb5 31.Rb4 Nd3 32.cxd3 Bxd3+ 33.Ka2 Bxf1 34.
Nxf1 Rh1 35.Rf4 hxg5 36.Rf2 Bd4 37.Be3 Rxf1 38.Bxd4 Rxf2 39.Bxf2 h4 40.Kb3
f5 41.Kb4 h3 0-1

[Event "XIII American Continental"]
[Site "Montevideo URU"]
[Date "2018.06.09"]
[Round "10"]
[White "El Debs, Felipe De Cresce"]
[Black "Cori Tello, Jorge"]
[Result "0-1"]
[WhiteElo "2537"]
[BlackElo "2659"]
[EventDate "2018.06.01"]
[PlyCount "58"]

1.e4 c5 2.Nf3 e6 3.c3 Nf6 4.e5 Nd5 5.d4 cxd4 6.cxd4 d6 7.a3 dxe5 8.dxe5 
Nd7 9.Bd3 Be7 10.O-O Nc5 11.Bc2 a5 12.Nd4 Qc7 13.Re1 b6 14.Qg4 Bb7 15.Bg5 
h5 16.Qh4 f6 17.exf6 gxf6 18.Bd2 O-O-O 19.Nxe6 Nxe6 20.Bf5 Kb8 21.Bxe6 f5 
22.Qh3 Nf6 23.Bc3 Ng4 24.Nd2 Bc5 25.Rf1 Rhe8 26.Bxf5 Nxf2 27.Rxf2 Bxf2+ 
28.Kh1 Re3 29.Nf3 Qf4 0-1

[Event "XIII American Continental"]
[Site "Montevideo URU"]
[Date "2018.06.09"]
[Round "10"]
[White "Mareco, Sandro"]
[Black "Martinez Alcantara, Jose Eduardo"]
[Result "1-0"]
[WhiteElo "2643"]
[BlackElo "2539"]
[EventDate "2018.06.01"]
[PlyCount "71"]

1.d4 Nf6 2.c4 e6 3.Nf3 d5 4.g3 Bb4+ 5.Bd2 Be7 6.Bg2 O-O 7.O-O Nbd7 8.Qc2 
c6 9.Bf4 b6 10.Ne5 Bb7 11.Rd1 Qc8 12.Nc3 Nxe5 13.dxe5 Nd7 14.Qd2 Rd8 15.
cxd5 cxd5 16.Rac1 Qb8 17.Nb5 Nc5 18.b4 Na6 19.a3 Rd7 20.e4 d4 21.Nd6 Nc7 
22.Qxd4 g5 23.Be3 Ne8 24.Qd2 h6 25.h4 Nxd6 26.hxg5 Rd8 27.exd6 Rxd6 28.Qc3
Rc6 29.Qa1 Bxg5 30.Bxg5 hxg5 31.Rxc6 Bxc6 32.Qc1 Ba4 33.Qxg5+ Kh8 34.Qf6+ 
Kg8 35.Rd4 e5 36.Rd5 1-0

[Event "XIII American Continental"]
[Site "Montevideo URU"]
[Date "2018.06.09"]
[Round "10"]
[White "Panjwani, Raja"]
[Black "Cordova Daza, Emilio"]
[Result "0-1"]
[WhiteElo "2456"]
[BlackElo "2621"]
[EventDate "2018.06.01"]
[PlyCount "102"]

1.d4 Nf6 2.c4 e6 3.Nc3 Bb4 4.Nf3 b6 5.e3 Bb7 6.Bd3 c5 7.O-O O-O 8.Na4 cxd4
9.exd4 Re8 10.a3 Bf8 11.b4 d6 12.Bb2 Nbd7 13.Re1 Rc8 14.Nc3 a6 15.d5 e5 
16.Nd2 g6 17.Nb3 Bg7 18.Bf1 e4 19.Nd2 h5 20.h3 Re7 21.Qb3 e3 22.Rxe3 Rxe3 
23.fxe3 Qe7 24.Re1 Ne5 25.Nd1 Bh6 26.Nf3 Nxf3+ 27.gxf3 Nd7 28.Qc3 Kh7 29.
f4 Bxd5 30.Qd4 Bf3 31.Bg2 Bxg2 32.Kxg2 Rg8 33.Qd5 b5 34.cxb5 Nb6 35.Qd3 
axb5 36.Nf2 Nc4 37.Bc3 Re8 38.Qd5 Nxa3 39.Kf3 Bg7 40.Bxg7 Kxg7 41.e4 Qf6 
42.Qc6 Re6 43.Rd1 Qb2 44.Qc1 Qxb4 45.Qa1+ Kh7 46.f5 gxf5 47.exf5 Re3+ 48.
Kg2 Qh4 49.Qa2 Nc4 50.Qa7 Qg5+ 51.Kf1 Re7 0-1

[Event "XIII American Continental"]
[Site "Montevideo URU"]
[Date "2018.06.09"]
[Round "10"]
[White "Escalante Ramirez, Brian Sebastian"]
[Black "Erenburg, Sergey"]
[Result "1-0"]
[WhiteElo "2422"]
[BlackElo "2563"]
[EventDate "2018.06.01"]
[PlyCount "69"]

1.e4 c6 2.d4 d5 3.e5 Bf5 4.h4 h5 5.Bd3 Bxd3 6.Qxd3 e6 7.Bg5 Be7 8.Nf3 Nh6 
9.Nc3 Nf5 10.Ne2 c5 11.dxc5 Qa5+ 12.c3 Qxc5 13.O-O Nc6 14.b4 Qc4 15.Qxc4 
dxc4 16.b5 Na5 17.Ned4 Nxd4 18.Nxd4 Ba3 19.Rab1 O-O 20.Rfd1 Bc5 21.Ne2 f6 
22.exf6 gxf6 23.Be3 Bxe3 24.fxe3 Rad8 25.Nf4 Kf7 26.Nxh5 Rd3 27.Nf4 Rxe3 
28.Rd7+ Kg8 29.Rbd1 Rxc3 30.Rc7 Rg3 31.Rdd7 e5 32.Ne6 Rb8 33.Ng7 Rg6 34.
Nf5 Kf8 35.h5 1-0

[Event "XIII American Continental"]
[Site "Montevideo URU"]
[Date "2018.06.09"]
[Round "10"]
[White "Mekhitarian, Krikor Sevag"]
[Black "Cori Quispe, Kevin Joel"]
[Result "1/2-1/2"]
[WhiteElo "2546"]
[BlackElo "2468"]
[EventDate "2018.06.01"]
[PlyCount "163"]

1.d4 Nf6 2.c4 e6 3.Nf3 Bb4+ 4.Bd2 a5 5.a3 Bxd2+ 6.Qxd2 b6 7.Nc3 Bb7 8.Qf4 
d6 9.e4 Qe7 10.Be2 O-O 11.O-O Nbd7 12.e5 dxe5 13.dxe5 Nh5 14.Qe3 f5 15.Nd4
f4 16.Qh3 f3 17.Qxh5 fxe2 18.Qxe2 c5 19.Ndb5 Qg5 20.Ne4 Qxe5 21.Rfe1 Bc6 
22.Rad1 Rad8 23.f3 Bxb5 24.cxb5 Nf6 25.Rxd8 Rxd8 26.Nxf6+ Qxf6 27.Qxe6+ 
Qxe6 28.Rxe6 Rd2 29.Rxb6 Rxb2 30.a4 Rb4 31.Rc6 Rxa4 32.Rxc5 Rb4 33.b6 a4 
34.Ra5 Rxb6 35.Rxa4 Rb5 36.h4 h5 37.Kf2 Kf7 38.Ra6 Rb2+ 39.Kg3 Rc2 40.Ra5 
g6 41.Re5 Kf6 42.Re1 Rb2 43.Re4 Rc2 44.Re1 Rb2 45.Rf1 Rc2 46.Rf2 Rc4 47.
Rb2 Ra4 48.Kh3 Ra3 49.Rf2 Rb3 50.g3 Ra3 51.Kg2 Rb3 52.Rd2 Ra3 53.Kf2 Rb3 
54.Ke2 Ra3 55.Rd3 Ra4 56.Ke3 Kf5 57.Rd5+ Kf6 58.Rd4 Ra6 59.Kf4 Rb6 60.Ke4 
Ra6 61.g4 hxg4 62.fxg4 Ra5 63.Rd6+ Kf7 64.Rd5 Ra4+ 65.Rd4 Ra5 66.Rc4 Kf6 
67.g5+ Ke6 68.Rc6+ Kf7 69.Rd6 Ra4+ 70.Ke5 Rxh4 71.Rd7+ Kg8 72.Kf6 Rb4 73.
Re7 Ra4 74.Re6 Kh7 75.Re7+ Kg8 76.Rg7+ Kh8 77.Rxg6 Ra6+ 78.Kf5 Ra5+ 79.Kg4
Kh7 80.Kh5 Ra1 81.Rh6+ Kg7 82.Rg6+ 1/2-1/2

[Event "XIII American Continental"]
[Site "Montevideo URU"]
[Date "2018.06.09"]
[Round "10"]
[White "Roselli Mailhe, Bernardo"]
[Black "Liang, Awonder"]
[Result "0-1"]
[WhiteElo "2433"]
[BlackElo "2571"]
[EventDate "2018.06.01"]
[PlyCount "56"]

1.d4 Nf6 2.c4 g6 3.Nc3 d5 4.Bf4 Bg7 5.Nf3 O-O 6.Rc1 Be6 7.Ng5 c5 8.e3 Bg4 
9.f3 cxd4 10.Nxd5 e5 11.Bxe5 Nxd5 12.Bxg7 Qxg5 13.Bxf8 Qxe3+ 14.Be2 Nf4 
15.fxg4 Kxf8 16.Qd2 Nxg2+ 17.Kd1 Qe4 18.Qd3 Ne3+ 19.Kd2 Qf4 20.Rcg1 Na6 
21.Kc1 Nc5 22.Qd2 Ne4 23.Qb4+ Kg8 24.Kb1 a5 25.Qe7 Nd2+ 26.Kc1 Ndxc4 27.
Qxb7 Rb8 28.Qf3 Qc7 0-1

[Event "XIII American Continental"]
[Site "Montevideo URU"]
[Date "2018.06.09"]
[Round "10"]
[White "Pichot, Alan"]
[Black "Campora, Daniel Hugo"]
[Result "1-0"]
[WhiteElo "2564"]
[BlackElo "2424"]
[EventDate "2018.06.01"]
[PlyCount "103"]

1.e4 d6 2.d4 Nf6 3.Nc3 e5 4.Nf3 Nbd7 5.Bc4 Be7 6.a4 O-O 7.O-O c6 8.h3 b6 
9.Qe2 a6 10.Rd1 Qc7 11.Ba2 Bb7 12.Nh4 b5 13.Nf5 Rae8 14.dxe5 Nxe5 15.axb5 
axb5 16.Bg5 b4 17.Na4 Bc8 18.Bxf6 gxf6 19.Qh5 Kh8 20.Nh6 Be6 21.Bb3 Rb8 
22.Kh1 Rb5 23.Qe2 Kg7 24.Nf5+ Kh8 25.Bxe6 fxe6 26.Nd4 Qb7 27.b3 Ra5 28.
Nxe6 Rfa8 29.Nd4 d5 30.Nf5 dxe4 31.Qxe4 Bf8 32.Rd4 Ng6 33.Nd6 Qe7 34.Qxe7 
Bxe7 35.Re1 f5 36.Nc4 R5a7 37.Re6 c5 38.Rd1 Rg8 39.Rde1 Bf8 40.g3 f4 41.
Re8 fxg3 42.fxg3 Rf7 43.Nab2 Rf3 44.R8e3 Rf2 45.R3e2 Rf3 46.Rg2 Bg7 47.Nd2
Rf7 48.Nd3 Bd4 49.Ne4 Re8 50.Rge2 Rfe7 51.h4 Kg7 52.Nd6 1-0

[Event "XIII American Continental"]
[Site "Montevideo URU"]
[Date "2018.06.09"]
[Round "10"]
[White "Moradiabadi, Elshan"]
[Black "Quintiliano Pinto, Renato Rodrigues"]
[Result "0-1"]
[WhiteElo "2549"]
[BlackElo "2423"]
[EventDate "2018.06.01"]
[PlyCount "64"]

1.d4 d5 2.c4 e6 3.Nf3 Nf6 4.Bg5 h6 5.Bxf6 Qxf6 6.Nbd2 g6 7.Qb3 c6 8.e4 Bg7
9.e5 Qe7 10.Bd3 O-O 11.O-O c5 12.dxc5 Nc6 13.Rfe1 Qxc5 14.Rac1 Qa5 15.cxd5
exd5 16.Qb5 Qd8 17.e6 fxe6 18.Bxg6 e5 19.Rcd1 Bg4 20.Qxb7 Qf6 21.Be4 Rad8 
22.Rc1 Ne7 23.h3 Bxf3 24.Bxf3 e4 25.Rc7 Rb8 26.Qxa7 Rxb2 27.Nb3 Ng6 28.Be2
Kh8 29.Nc1 d4 30.Rf1 Nf4 31.Bg4 e3 32.Qa3 Rxf2 0-1

[Event "XIII American Continental"]
[Site "Montevideo URU"]
[Date "2018.06.09"]
[Round "10"]
[White "Gauche, Charles"]
[Black "Di Berardino, Diego Rafael"]
[Result "0-1"]
[WhiteElo "2235"]
[BlackElo "2525"]
[EventDate "2018.06.01"]
[PlyCount "78"]

1.c4 g6 2.Nc3 Bg7 3.d4 Nf6 4.e4 O-O 5.Be2 d6 6.Bg5 Na6 7.Qd2 e5 8.d5 Nc5 
9.f3 a5 10.h4 h5 11.Nh3 c6 12.Nf2 cxd5 13.cxd5 Bd7 14.g4 hxg4 15.Nxg4 Bxg4
16.fxg4 b5 17.Bxb5 Rb8 18.Qe2 Qb6 19.Bxf6 Bxf6 20.g5 Bg7 21.h5 f5 22.gxf6 
Rxf6 23.hxg6 Rc8 24.Rd1 Rf4 25.Rd2 Rcf8 26.Kd1 Rf2 27.Qh5 Rxd2+ 28.Kxd2 
Rf2+ 29.Kc1 Nd3+ 30.Kb1 Rxb2+ 31.Ka1 Rf2 32.Qg4 Nc5 33.Qc8+ Rf8 34.Be8 Bh6
35.Bf7+ Kg7 36.Qh3 Rh8 37.Qf5 Bd2 38.Qc8 Bh6 39.Qc6 Rf8 0-1

[Event "XIII American Continental"]
[Site "Montevideo URU"]
[Date "2018.06.09"]
[Round "10"]
[White "Alonso, Salvador"]
[Black "Colas, Joshua"]
[Result "1/2-1/2"]
[WhiteElo "2519"]
[BlackElo "2285"]
[EventDate "2018.06.01"]
[PlyCount "107"]

1.e4 c6 2.d4 d5 3.Nd2 dxe4 4.Nxe4 Bf5 5.Ng3 Bg6 6.h4 h6 7.Nf3 Nd7 8.h5 Bh7
9.Bd3 Bxd3 10.Qxd3 e6 11.Bd2 Ngf6 12.O-O-O Be7 13.Kb1 O-O 14.Ne4 Nxe4 15.
Qxe4 Nf6 16.Qe2 Qd5 17.Ne5 Qe4 18.Qxe4 Nxe4 19.Be1 Rfd8 20.f3 Nf6 21.Bf2 
Nd7 22.Nd3 Bd6 23.Rhe1 b6 24.c3 Rac8 25.Kc2 Kf8 26.g4 Re8 27.Re2 Nf6 28.
Be1 Nd5 29.Bd2 c5 30.dxc5 Bxc5 31.Nxc5 Rxc5 32.a4 Rec8 33.Kb3 b5 34.axb5 
Rxb5+ 35.Kc2 Nb4+ 36.Kb1 Nd3 37.Bxh6 Rxc3 38.Red2 Rcb3 39.Bxg7+ Kxg7 40.
Rxd3 Rxb2+ 41.Kc1 a5 42.R1d2 Rb1+ 43.Kc2 a4 44.Ra3 R1b2+ 45.Kd1 R2b3 46.
Rda2 Kh6 47.Rxa4 Rxf3 48.Ke2 Rh3 49.R4a3 Rh2+ 50.Kf3 Rxa2 51.Rxa2 Kg5 52.
Ra3 f5 53.gxf5 exf5 54.h6 1/2-1/2

[Event "XIII American Continental"]
[Site "Montevideo URU"]
[Date "2018.06.09"]
[Round "10"]
[White "Vera Siguenas, Deivy"]
[Black "Jodorcovsky Werjivker, Paulo"]
[Result "1-0"]
[WhiteElo "2516"]
[BlackElo "2249"]
[EventDate "2018.06.01"]
[PlyCount "105"]

1.e4 c5 2.Nf3 e6 3.d4 cxd4 4.Nxd4 a6 5.Be2 Qc7 6.O-O Nf6 7.Nc3 d6 8.Be3 
Be7 9.a4 Nc6 10.f4 O-O 11.Kh1 Re8 12.Bf3 Rb8 13.g4 Nxd4 14.Bxd4 e5 15.fxe5
dxe5 16.Ba7 Ra8 17.g5 Rd8 18.Qe2 Ne8 19.Be3 Be6 20.Qf2 Qc4 21.Nd5 Bxd5 22.
b3 Qc3 23.exd5 Nd6 24.Rac1 b5 25.Bd2 Qd4 26.c4 Qxf2 27.Rxf2 bxc4 28.bxc4 
e4 29.Bg2 Nb7 30.Bxe4 Nc5 31.Bc2 Bd6 32.Rcf1 Rd7 33.Re2 Rdd8 34.Rfe1 Rab8 
35.Kg2 Rf8 36.h4 Rb2 37.Bc3 Rbb8 38.Kf3 Rbc8 39.Bf5 Rb8 40.Rb2 Nxa4 41.
Rxb8 Rxb8 42.Bd4 Nc5 43.Be5 Bxe5 44.Rxe5 g6 45.d6 Rb3+ 46.Kf4 Nb7 47.d7 
Rc3 48.Re8+ Kg7 49.Rb8 gxf5 50.Rxb7 Rxc4+ 51.Ke5 Re4+ 52.Kd5 Re1 53.Rb4 
1-0

[Event "XIII American Continental"]
[Site "Montevideo URU"]
[Date "2018.06.09"]
[Round "10"]
[White "Fernandez, Maria Florencia"]
[Black "Terry Lujan, Renato Alfredo"]
[Result "1-0"]
[WhiteElo "2203"]
[BlackElo "2503"]
[EventDate "2018.06.01"]
[PlyCount "117"]

1.d4 Nf6 2.c4 d6 3.Nf3 Nbd7 4.Nc3 e5 5.d5 Be7 6.e4 Nc5 7.Qc2 a5 8.Be2 c6 
9.Be3 Qc7 10.Nd2 O-O 11.O-O Bd7 12.Rfc1 Rfc8 13.Qd1 Qb8 14.a3 cxd5 15.Nxd5
Nxd5 16.cxd5 a4 17.Bxc5 Rxc5 18.Rxc5 dxc5 19.Nc4 b5 20.Ne3 Ra6 21.Bg4 Be8 
22.Rc1 g6 23.Qc2 c4 24.Qe2 Bc5 25.Nc2 Qd8 26.Rf1 h5 27.Bh3 Qh4 28.Bc8 Rf6 
29.g3 Qg5 30.Kg2 h4 31.Bh3 Kf8 32.Bc8 Rd6 33.Ne1 Qe7 34.Nf3 hxg3 35.hxg3 
Qc7 36.Bg4 Ra6 37.Qd2 Ke7 38.Rh1 Kd8 39.Rh7 Qe7 40.Ng5 Qf6 41.f4 Bd6 42.
Qc3 Bc7 43.Nf3 exf4 44.e5 Qe7 45.d6 Bxd6 46.exd6 Qxd6 47.Ne5 f6 48.Rd7+ 
Bxd7 49.Nf7+ Ke7 50.Nxd6 Bxg4 51.Nxb5 fxg3 52.Qxc4 f5 53.Qc7+ Kf6 54.Qd8+ 
Kg7 55.Kxg3 Re6 56.Qd4+ Kf7 57.Qxa4 g5 58.Qa7+ Kg6 59.Qd7 1-0

[Event "XIII American Continental"]
[Site "Montevideo URU"]
[Date "2018.06.09"]
[Round "10"]
[White "Salinas Herrera, Pablo"]
[Black "Donoso Diaz, Sebastian"]
[Result "1-0"]
[WhiteElo "2463"]
[BlackElo "2184"]
[EventDate "2018.06.01"]
[PlyCount "69"]

1.d4 d5 2.Bf4 Nf6 3.e3 e6 4.Nd2 c5 5.c3 Bd6 6.Bg3 O-O 7.Ngf3 Qc7 8.dxc5 
Qxc5 9.Bd3 Nbd7 10.Rc1 Bxg3 11.hxg3 e5 12.e4 Qb6 13.b4 Ng4 14.O-O Ne3 15.
Qb3 Nxf1 16.Rxf1 dxe4 17.Nxe4 Nf6 18.Nxe5 Nxe4 19.Bxe4 Be6 20.Qc2 f5 21.
Bd3 Rac8 22.Re1 g6 23.a3 Rf6 24.c4 Qc7 25.c5 Kg7 26.Qc3 Re8 27.g4 h6 28.
gxf5 Bxf5 29.Bxf5 gxf5 30.f4 Kh7 31.Re3 Rg8 32.Ng4 Rff8 33.Nf6+ Kg6 34.
Rg3+ Kf7 35.Nxg8 1-0

[Event "XIII American Continental"]
[Site "Montevideo URU"]
[Date "2018.06.09"]
[Round "10"]
[White "Cruz Sanchez, Cristhian"]
[Black "Bick, Gabriel"]
[Result "1-0"]
[WhiteElo "2576"]
[BlackElo "2391"]
[EventDate "2018.06.01"]
[PlyCount "81"]

1.d4 d5 2.c4 e6 3.Nc3 Nf6 4.cxd5 exd5 5.Bg5 c6 6.e3 Be7 7.Qc2 Nbd7 8.Bd3 
h6 9.Bh4 Nh5 10.Bxe7 Qxe7 11.Nf3 Nf4 12.Bf1 O-O 13.g3 Ne6 14.Bg2 Re8 15.
O-O Ng5 16.Nxg5 Qxg5 17.b4 a6 18.a4 Nf6 19.b5 Bf5 20.Qd2 a5 21.Rfc1 h5 22.
bxc6 bxc6 23.Ne2 Ne4 24.Qe1 Qh6 25.h4 g5 26.f3 Nd6 27.Rxc6 Rxe3 28.Qd2 
Rae8 29.hxg5 Qxg5 30.Rxd6 Qe7 31.Rxd5 Rxe2 32.Qf4 Bg6 33.Bf1 Qe3+ 34.Qxe3 
R2xe3 35.Rxa5 Rxf3 36.Rg5 Rd8 37.a5 Kg7 38.a6 f6 39.Bg2 Rc3 40.Rc5 Rxg3 
41.Kf2 1-0

[Event "XIII American Continental"]
[Site "Montevideo URU"]
[Date "2018.06.09"]
[Round "10"]
[White "Perez Ponsa, Federico"]
[Black "Ruiz Castillo, Joshua Daniel"]
[Result "1-0"]
[WhiteElo "2556"]
[BlackElo "2378"]
[EventDate "2018.06.01"]
[PlyCount "89"]

1.e4 c5 2.Nf3 d6 3.Bb5+ Nd7 4.c3 Nf6 5.Qe2 a6 6.Ba4 Qc7 7.Bc2 e6 8.O-O b5 
9.d4 Bb7 10.Re1 Be7 11.Bd3 e5 12.Nbd2 O-O 13.dxe5 dxe5 14.c4 b4 15.Nf1 
Rfe8 16.Bg5 Ng4 17.Bxe7 Rxe7 18.Nh4 Ngf6 19.Ne3 g6 20.Nd5 Bxd5 21.cxd5 Qb6
22.Nf3 Ne8 23.a3 Nd6 24.axb4 Qxb4 25.Nd2 Nb6 26.b3 a5 27.Qe3 Rc7 28.Rec1 
f6 29.h4 Kg7 30.g3 Rac8 31.Kg2 h6 32.Rc2 Ra8 33.Rac1 Rac8 34.Ba6 Ra8 35.
Be2 Nd7 36.h5 g5 37.Bg4 a4 38.bxa4 Rxa4 39.Nc4 Nxc4 40.Rxc4 Qxc4 41.Rxc4 
Rxc4 42.Bxd7 Rxd7 43.Qf3 Rf7 44.Qf5 Kf8 45.Qg6 1-0

[Event "XIII American Continental"]
[Site "Montevideo URU"]
[Date "2018.06.09"]
[Round "10"]
[White "De Dovitiis, Alejo"]
[Black "Morovic Fernandez, Ivan"]
[Result "0-1"]
[WhiteElo "2343"]
[BlackElo "2513"]
[EventDate "2018.06.01"]
[PlyCount "70"]

1.e4 c5 2.Nf3 d6 3.d4 cxd4 4.Nxd4 Nf6 5.Nc3 Nc6 6.Bg5 e6 7.Qd2 h6 8.Bxf6 
gxf6 9.O-O-O a6 10.f4 Bd7 11.Be2 h5 12.Kb1 Qb6 13.Nb3 O-O-O 14.Rhf1 Kb8 
15.Rf3 h4 16.Qe1 Bc8 17.Na4 Qb4 18.Nc3 Be7 19.Qg1 Kc7 20.Nd5+ exd5 21.exd5
Qb6 22.Re3 Rhe8 23.dxc6 bxc6 24.Nd4 c5 25.Rb3 Qa5 26.Bf3 d5 27.Ra3 Qb6 28.
Rb3 Qa5 29.Rc3 c4 30.Ne6+ Bxe6 31.Qa7+ Kc6 32.Rxc4+ Bc5 33.a4 Rd7 34.Rxd5 
Bxd5 35.Bxd5+ Kd6 0-1

[Event "XIII American Continental"]
[Site "Montevideo URU"]
[Date "2018.06.09"]
[Round "10"]
[White "Rodriguez Vila, Andres"]
[Black "Grabinsky, Aaron"]
[Result "1-0"]
[WhiteElo "2483"]
[BlackElo "2296"]
[EventDate "2018.06.01"]
[PlyCount "95"]

1.e4 e6 2.d4 d5 3.Nd2 c5 4.Ngf3 cxd4 5.exd5 Qxd5 6.Bc4 Qd7 7.O-O Nf6 8.Ne5
Qc7 9.Ndf3 Bc5 10.Bf4 Bd6 11.Qxd4 Nc6 12.Nxc6 Bxf4 13.Nxa7 Bd7 14.Nb5 Bxb5
15.Bxb5+ Ke7 16.Bd3 Rhd8 17.Qb4+ Bd6 18.Qh4 h6 19.g3 Kf8 20.Nd2 Be5 21.
Qb4+ Kg8 22.a4 Bd4 23.Ne4 Ng4 24.Rad1 Qc6 25.c3 Rxa4 26.Qb3 Bxf2+ 27.Nxf2 
Ne3 28.Be4 Rxd1 29.Qxd1 Qe8 30.Qb3 Nxf1 31.Kxf1 Ra1+ 32.Ke2 Ra5 33.Nd3 Rb5
34.Qc4 Rh5 35.h4 Rd5 36.Qb4 Rb5 37.Qd6 f5 38.Bg2 Qc8 39.Kd2 Qc4 40.Qd7 b6 
41.Bf3 Kh7 42.Qe8 f4 43.gxf4 Rf5 44.Qa8 g6 45.Qb7+ Kg8 46.Be4 Rf6 47.h5 
Rf7 48.Qxf7+ 1-0

[Event "XIII American Continental"]
[Site "Montevideo URU"]
[Date "2018.06.09"]
[Round "10"]
[White "Hoffman, Alejandro"]
[Black "Coro, Lucas"]
[Result "1-0"]
[WhiteElo "2475"]
[BlackElo "2269"]
[EventDate "2018.06.01"]
[PlyCount "105"]

1.g3 e5 2.Bg2 d5 3.c4 d4 4.d3 Nc6 5.Nf3 Bb4+ 6.Bd2 a5 7.Bxb4 axb4 8.O-O 
Nf6 9.Nbd2 O-O 10.Nb3 Qe7 11.Ne1 Rd8 12.Nc2 Bf5 13.Qd2 e4 14.Rfd1 Bg6 15.
Qg5 Ne5 16.dxe4 Nxc4 17.Rxd4 Rxd4 18.Ncxd4 Bxe4 19.Bxe4 Qxe4 20.Rc1 h6 21.
Qc5 Nxb2 22.Qxb4 Na4 23.Rxc7 b6 24.Rc2 Nc5 25.Nxc5 bxc5 26.Qxc5 Rxa2 27.
Rxa2 Qb1+ 28.Kg2 Qxa2 29.Qc8+ Kh7 30.Qc2+ Qxc2 31.Nxc2 Kg6 32.f3 Nd7 33.
Kf2 f5 34.Ke3 Kf6 35.Kd4 Ke6 36.Nb4 Nf6 37.Nd3 Kd6 38.Nc5 Ne8 39.e4 fxe4 
40.fxe4 Nc7 41.e5+ Kc6 42.Nd3 Ne6+ 43.Ke4 g6 44.Nf4 Nc5+ 45.Kd4 g5 46.Ne2 
Nb3+ 47.Ke4 Nd2+ 48.Kf5 Nf3 49.h3 h5 50.Kf6 Kd7 51.e6+ Ke8 52.Nc3 h4 53.g4
1-0

[Event "XIII American Continental"]
[Site "Montevideo URU"]
[Date "2018.06.09"]
[Round "10"]
[White "Tristan, Leonardo"]
[Black "Larrea, Manuel"]
[Result "1-0"]
[WhiteElo "2459"]
[BlackElo "2268"]
[EventDate "2018.06.01"]
[PlyCount "159"]

1.d4 Nf6 2.Nf3 g6 3.Bf4 Bg7 4.e3 d6 5.Be2 O-O 6.O-O Nbd7 7.h3 c5 8.c3 b6 
9.Nbd2 Bb7 10.a4 a6 11.Bh2 Qc7 12.Qb3 Bc6 13.c4 cxd4 14.exd4 e5 15.Qa3 Ne4
16.d5 Nxd2 17.Nxd2 Bb7 18.a5 f5 19.b4 Rae8 20.Rfc1 Bh6 21.Rd1 e4 22.axb6 
Qxb6 23.c5 dxc5 24.Nc4 Qxb4 25.Qg3 f4 26.Qh4 f3 27.gxf3 exf3 28.Bf1 Bg7 
29.Rdb1 Bxa1 30.Rxb4 cxb4 31.Nd6 Bxd5 32.Nxe8 Rxe8 33.Qxb4 Be5 34.Bxa6 
Bxh2+ 35.Kxh2 Nf6 36.Bb5 Rf8 37.Qe7 Rf7 38.Qe5 Rf8 39.Bd3 Rf7 40.Qg5 Kg7 
41.h4 Be6 42.Kg1 Rd7 43.Qe3 Bg4 44.Bb5 Rf7 45.Bc6 h5 46.Qe5 Rf8 47.Bd5 Re8
48.Qc7+ Kh6 49.Bf7 Re1+ 50.Kh2 Be6 51.Qc3 Re5 52.Kg1 Kg7 53.Qxe5 Kxf7 54.
Qc7+ Nd7 55.Qf4+ Bf5 56.Qxf3 Ke7 57.Qe3+ Kf7 58.Qa7 Ke7 59.Kg2 Ke6 60.Kg3 
Ke7 61.Kf4 Ke6 62.Ke3 Ke7 63.Kd4 Kd6 64.Qa6+ Ke7 65.f3 Be6 66.Qc6 Bf5 67.
Qc7 Ke6 68.Qd8 Kd6 69.Qa5 Ke6 70.Qb4 Kf7 71.Kd5 Nf6+ 72.Kd6 Ne8+ 73.Ke5 
Nf6 74.Qb7+ Nd7+ 75.Kd6 Bh3 76.Qb3+ Kf8 77.Qc2 Bf5 78.Qxf5+ gxf5 79.Kxd7 
Kf7 80.f4 1-0

[Event "XIII American Continental"]
[Site "Montevideo URU"]
[Date "2018.06.09"]
[Round "10"]
[White "Betaneli, Alexander"]
[Black "Vazquez Colman, Guillermo"]
[Result "0-1"]
[WhiteElo "2246"]
[BlackElo "2436"]
[EventDate "2018.06.01"]
[PlyCount "140"]

1.Nf3 d5 2.d4 Nf6 3.e3 e6 4.b3 c5 5.Bb2 cxd4 6.exd4 Bb4+ 7.c3 Bd6 8.Bd3 b6
9.Nbd2 Bb7 10.O-O Ne4 11.Qe2 Nxd2 12.Qxd2 O-O 13.Rfe1 Nd7 14.Qe2 Rc8 15.
Rad1 Qe7 16.Ne5 Nf6 17.Qe3 Rc7 18.Qh3 Rfc8 19.Re3 g6 20.f3 Nd7 21.Nxd7 
Qxd7 22.g3 Bc6 23.Rde1 Bb5 24.Bb1 a5 25.a4 Bc6 26.Bc1 b5 27.axb5 Bxb5 28.
Bd2 a4 29.bxa4 Bxa4 30.Bd3 Bb5 31.f4 Bxd3 32.Rxd3 Qb5 33.g4 Re8 34.f5 exf5
35.Rxe8+ Qxe8 36.gxf5 Qe2 37.fxg6 fxg6 38.Rf3 Bxh2+ 39.Qxh2 Qxf3 40.Qxc7 
Qd1+ 41.Kf2 Qxd2+ 42.Kg1 Qe1+ 43.Kh2 Qf2+ 44.Kh1 Qe1+ 45.Kh2 Qe6 46.Qb7 h5
47.Qc7 Qf7 48.Qe5 Kh7 49.Kg3 Qf5 50.Qe8 Kg7 51.Qe7+ Kh6 52.Qe8 Qf6 53.Qd7 
h4+ 54.Kh2 Qf2+ 55.Kh1 Qf3+ 56.Kh2 h3 57.Qxh3+ Qxh3+ 58.Kxh3 Kg5 59.Kg3 
Kf5 60.Kf3 g5 61.Kg3 g4 62.Kg2 Kf4 63.Kf2 g3+ 64.Kg2 Kg4 65.c4 dxc4 66.d5 
c3 67.d6 c2 68.d7 c1=Q 69.d8=Q Qc2+ 70.Kf1 Qf2# 0-1